000 00560nam a2200169Ia 4500
008 090201s9999 xx 000 0 und d
010 _aKPL-60387
040 _bमराठी
041 _aमराठी
082 _a2519
_b60387
100 _aसी. के. पाटणी
245 _aआयुर्वेदप्रिय भाग-1
_cसी. के. पाटणी
260 _c2004
_bपरिमल प्रकाशन
300 _a135
_bमोठा
600 _aआयुर्वेदप्रिय भाग-1
942 _cBOOK
999 _c203608
_d203608